| 000 | 00701cab a2200193 4500 | ||
|---|---|---|---|
| 001 | WB2325-10 | ||
| 008 | 090401t1987 xxu||||| |||| 00| 0 eng d | ||
| 035 | _a(Sirsi) u26493 | ||
| 041 | _aeng | ||
| 245 | _aRadiation meters for 3,000 homes | ||
| 260 | _c1987 | ||
| 350 | _a0 | ||
| 490 |
_aFinancial Times _v25/6/87 p8 |
||
| 520 | _aThree thousand homes in Devon and Cornwall are to have detectors installed to measure seepage of the radioactive gas radon , which can cause lung cancer . The investigation is being carried out by the National Radiological Protection Board on behalf of the DoE . | ||
| 650 | _aRADIOACTIVITY | ||
| 690 | _aBUILT ENVIRONMENT | ||
| 942 | _n0 | ||
| 948 | _c04/03/1997 | ||
| 999 |
_c17807 _d17807 |
||